Sams teach yourself Microsoft Office 2000 in 24 hours (Record no. 6239)

000 -LEADER
fixed length control field 00574 a2200181 4500
020 ## - INTERNATIONAL STANDARD BOOK NUMBER
International Standard Book Number 8176352845
040 ## - CATALOGING SOURCE
Original cataloging agency Library of Congress
Language of cataloging English
082 00 - DEWEY DECIMAL CLASSIFICATION NUMBER
Classification number 005.369
100 1# - MAIN ENTRY--PERSONAL NAME
Personal name Perry, Greg M.
245 10 - TITLE STATEMENT
Title Sams teach yourself Microsoft Office 2000 in 24 hours
246 30 - VARYING FORM OF TITLE
Title proper/short title Teach yourself Microsoft Office 2000 in 24 hours.
246 30 - VARYING FORM OF TITLE
Title proper/short title Microsoft Office 2000 in 24 hours.
260 ## - PUBLICATION, DISTRIBUTION, ETC.
Place of publication, distribution, etc. New Delhi :
Name of publisher, distributor, etc. Techmedia
Date of publication, distribution, etc. c1999.
300 ## - PHYSICAL DESCRIPTION
Extent xiv, 494 p. :
Other physical details ill. ;
Dimensions 24 cm.
500 ## - GENERAL NOTE
General note Includes index.
650 #0 - SUBJECT ADDED ENTRY--TOPICAL TERM
Topical term or geographic name entry element Business
General subdivision Computer programs.
942 ## - ADDED ENTRY ELEMENTS (KOHA)
Koha item type Book
Call number prefix 005.369 PER
Source of classification or shelving scheme
Holdings
Withdrawn status Lost status Damaged status Not for loan Collection code Permanent Location Current Location Shelving location Date acquired Total Checkouts Full call number Barcode Date last seen Price effective from Koha item type Source of acquisition Cost, normal purchase price
          Central Library (CL) Central Library (CL) First Floor - Software Engineering/ Programming Language 12/08/2000   005.369 PER SEECS000444 11/14/2012 01/05/2017 Book    
          Central Library (CL) Central Library (CL) First Floor - Software Engineering/ Programming Language 01/03/2002   005.369 PER SEECS001615 11/14/2012 01/05/2017 Book Vanguard Books 324.00
© 2023 Central Library, National University of Sciences and Technology. All Rights Reserved.